Wielkie wyzwanie z logo samochodów - Statystyki

Ogólne statystyki
  • Ten quiz został rozwiązany 10 795 razy
  • Średni wynik to 36 z 58
Statystyki odpowiedzi
Obrazkowy Odpowiedź % Poprawnych
Ford
100%
BMW
98%
Toyota
98%
Honda
97%
Nissan
93%
Audi
92%
Ferrari
92%
Mercedes Benz
92%
Hyundai
89%
Tesla
89%
Jaguar
88%
Lamborghini
88%
Volkswagen
88%
Škoda
87%
Porsche
86%
Bentley
85%
Opel
85%
Chevrolet
84%
Lexus
84%
Mazda
84%
Citroën
83%
Kia
83%
Renault
80%
Suzuki
80%
Volvo
79%
Mitsubishi
78%
Seat
77%
Alfa Romeo
76%
Subaru
76%
FIAT
74%
Peugeot
73%
Mini Cooper
64%
Dodge
62%
Rolls Royce
56%
Saab
55%
Maserati
53%
Aston Martin
51%
Mustang
51%
INFINITI
49%
Cadillac
45%
Bugatti
43%
Corvette
42%
Daewoo
42%
McLaren
40%
Shelby
33%
Abarth
30%
Acura
30%
Maybach
30%
Koenigsegg
28%
Smart
27%
Lincoln
22%
Vauxhall
22%
Pontiac
21%
Buick
16%
Scion
9%
Holden
7%
Saturn
7%
Mercury
6%
Nie znaleziono quizów pasujących do podanych kryteriów
Rozkład punktacji
Procent ludzi z każdym wynikiem
Percentyl według liczby udzielonych odpowiedzi
Twoja historia wyników
Nie rozwiązałeś tego quizu